Επιλογή και Αξιολόγηση Προσωπικού στον Ιδιωτικό Τομέα/ Κριτική Ανάλυση Μεθοδολογίας και Ζητήματα Δεοντολογίας (Record no. 8624)
[ view plain ]
| 000 -LEADER | |
|---|---|
| fixed length control field | 01491cam a22001934a 4500 |
| 005 - ΗΜΕΡΟΜΗΝΙΑ ΚΑΙ ΩΡΑ ΤΕΛΕΥΤΑΙΑΣ ΕΝΗΜΕΡΩΣΗΣ | |
| Πεδίο ελέγχου | 20250605164341.0 |
| 008 - FIXED-LENGTH DATA ELEMENTS--GENERAL INFORMATION | |
| Πεδίο ελέγχου σταθερού μήκους | 250528s ||||||||||||||||||||||||d |
| 035 ## - SYSTEM CONTROL NUMBER | |
| System control number | 23625 |
| 040 ## - ΠΗΓΗ ΚΑΤΑΛΟΓΟΓΡΑΦΗΣΗΣ | |
| Φορέας πρωτότυπης καταλογογράφησης | MC Athens Campus Library |
| Γλώσσα καταλογογράφησης | Ελληνικά, Μοντέρνα (1453-) |
| Modifying agency | MC Athens Campus Library |
| Κανόνες περιγραφικής καταλογογράφησης | AACR2 |
| 245 1# - ΤΙΤΛΟΣ ΚΑΙ ΔΗΛΩΣΗ ΥΠΕΥΘΥΝΟΤΗΤΑΣ | |
| Τίτλος | Επιλογή και Αξιολόγηση Προσωπικού στον Ιδιωτικό Τομέα/ Κριτική Ανάλυση Μεθοδολογίας και Ζητήματα Δεοντολογίας |
| 260 ## - PUBLICATION, DISTRIBUTION, ETC. | |
| Date of publication, distribution, etc. | 2010 |
| 300 ## - PHYSICAL DESCRIPTION | |
| Extent | 63 |
| 520 ## - SUMMARY, ETC. | |
| Summary, etc. | Εισαγωγή, Επιλογή Προσωπικού, Βιογραφικά Σημειώματα, Βιογραφικές Μέθοδοι, Δοκιμασίες (Τέστ), Συνέντευξη-Μορφές Συνέντευξης, Μη Συμβατικές Μέθοδοι Επιλογής, Έρευνα Greenberg (1986) επί των Μεθόδων Επιλογής Προσωπικού, Αξιολόγηση Απόδοσης Προσωπικού, Μέθοδοι Συγκρίσεως, Μέθοδοι των Απόλυτων Κριτηρίων, Μέθοδοι της Άμεσης Μέτρησης, Αξιολόγηση MBO, Συνέντευξη Αξιολόγησης, Αξιολόγηση 360 Μοιρών, Συμπεράσματα - Προτ΄πασεις, Παραπομπές - Βιβλιογραφία, Παράρτηματα. |
| 700 1# - ΠΡΟΣΘΕΤΗ ΑΝΑΓΡΑΦΗ--ΦΥΣΙΚΟ ΠΡΟΣΩΠΟ | |
| Personal name | Καρρά Μαρία-Ελένη |
| 9 (RLIN) | 9217 |
| 700 1# - ΠΡΟΣΘΕΤΗ ΑΝΑΓΡΑΦΗ--ΦΥΣΙΚΟ ΠΡΟΣΩΠΟ | |
| Personal name | Παπαδάκης Γεώργιος |
| 9 (RLIN) | 9076 |
| 942 ## - ADDED ENTRY ELEMENTS (KOHA) | |
| Koha item type | Διπλωματική εργασία |
| Τύπος τεκμηρίου | Βιβλιοθήκη | Τρέχουσα τοποθεσία | Barcode | Ημερομηνία απόκτησης | Ταξιθετικό σύμβολο | Αριθμός αντιτύπου | Κατάσταση απόσυρσης | Κατάσταση χαμένου | Κατάσταση κατεστραμμένου | Μη δανεισμός | Σύνολο δανεισμών | Ημερομηνία τελευταίας εμφάνισης | Η τιμή ισχύει από |
|---|---|---|---|---|---|---|---|---|---|---|---|---|---|
| Διπλωματική εργασία | MC Athens Campus Library | MC Athens Campus Library | 9780000086235 | 05/06/2025 | BUS 2010 (4) | 1 | 05/06/2025 | 05/06/2025 |